| 000 | 00620nam a2200217 a 4500 | ||
|---|---|---|---|
| 005 | 20240320063659.0 | ||
| 008 | 030402s2000 mx r 000 0 spa d | ||
| 020 | _a8440698763 | ||
| 035 | _aUPN01000123590 | ||
| 049 | _aCG | ||
| 050 | 4 |
_aPS3566 U9 _b05.8 |
|
| 100 | 1 |
_aPuzo, Mario, _d1920-1999 _938692 |
|
| 245 | 1 | 0 |
_aOmertá / _cMario Puzo ; tr. de Ma. Antonia Menini. |
| 260 |
_aBarcelona, Esp. : _bEdiciones B, _cc2000. |
||
| 300 | _a350 p. | ||
| 440 | 3 | _aLa trama | |
| 650 | 4 |
_aMAFIA - _vNOVELA _915965 |
|
| 650 | 4 |
_aCRIMEN ORGANIZADO - _vNOVELA _911420 |
|
| 650 | 4 |
_aNovela estadounidense _94462 |
|
| 905 | _aLibro | ||
| 999 |
_c95770 _d95770 |
||